00536 2200217 4500001002100000005001500021035002000036245004000056100002000096250000600116300003500122260003900157082000800196084001400204020002200218650001000240990001700250990001700267990001700284990001700301INLIS00000000000017620180905014735 a0010-09180000301 aBedah Puisi Lama /cWendi Widya R.D0 aWendi Widya R.D a- aiv, 68 hlm. :bilus. ;c21 cm. aKlaten :bPT Intan Pariwara,c2009 a811 a811 WEN b a978-979-28-0424-9 aPuisi a00751/P/2018 a00752/P/2018 a00753/P/2018 a00754/P/2018